|
|
|
|
| LEADER |
00000cam a2200000 a 4500 |
| 001 |
57916 |
| 003 |
CZ-ZlUTB |
| 005 |
20240829143416.0 |
| 007 |
tu |
| 008 |
020604s2002 xr f 000 0 cze |
| 015 |
|
|
|a cnb001094721
|
| 020 |
|
|
|a 8072621041
|q (váz.)
|
| 035 |
|
|
|a (OCoLC)51191684
|
| 040 |
|
|
|a ABA001
|b cze
|d ZLD002
|
| 072 |
|
7 |
|a 616.89
|x Psychiatrie
|2 Konspekt
|9 14
|
| 080 |
|
|
|a 616.89
|2 MRF
|
| 080 |
|
|
|a 17
|2 MRF
|
| 080 |
|
|
|a 614.253
|2 MRF
|
| 080 |
|
|
|a (048.8)
|2 MRF
|
| 100 |
1 |
|
|a Baudiš, Pavel,
|d 1930-2011
|7 jk01011137
|4 aut
|
| 245 |
1 |
0 |
|a Psychiatrie a etika /
|c Pavel Baudiš, Jan Libiger
|
| 250 |
|
|
|a 1. vyd.
|
| 260 |
|
|
|a Praha :
|b Galén,
|c c2002
|
| 300 |
|
|
|a 156 s. ;
|c 24 cm
|
| 504 |
|
|
|a Obsahuje bibliografii a bibliografické odkazy
|
| 650 |
0 |
7 |
|a psychiatrie
|7 ph115943
|x etické a morální aspekty
|2 czenas
|
| 650 |
0 |
9 |
|a psychiatry
|2 eczenas
|
| 650 |
0 |
9 |
|a psychiatry
|x ethical and moral aspects
|2 eczenas
|
| 650 |
0 |
9 |
|a medical ethics
|2 eczenas
|
| 655 |
|
7 |
|a monografie
|7 fd132842
|2 czenas
|
| 700 |
1 |
|
|a Libiger, Jan,
|d 1948-
|7 nlk19990073499
|4 aut
|
| 910 |
|
|
|a ZLD002
|
| 952 |
|
|
|0 0
|1 0
|2 udc
|4 0
|6 61689BAUDIŠP
|7 0
|8 BOOK
|9 106417
|a UTBZL
|b UTBZL
|c 005
|d 2010-11-04
|l 1
|o 616.89/BAUDIŠ,P.
|p 420010134918
|r 2020-01-06 00:00:00
|s 2019-12-19
|v 490.00
|w 2019-08-26
|x N:nákup;
|y 01
|
| 952 |
|
|
|0 0
|1 0
|4 0
|6 61689BAUDIŠP
|7 0
|8 BOOK
|9 106418
|a UTBZL
|b UTBZL
|c 006
|d 2010-11-04
|l 22
|m 6
|o 616.89/BAUDIŠ,P.
|p 420010134919
|r 2023-10-26 00:00:00
|s 2023-09-05
|v 490.00
|w 2019-08-26
|x N:nákup;
|y 04
|
| 992 |
|
|
|a BK
|b SK
|d 19
|
| 901 |
|
|
|b 9788072621040
|f 1. vyd.
|o 20020709
|
| 998 |
|
|
|a 001094721
|
| 999 |
|
|
|c 57916
|d 57916
|